<?xml version="1.0" encoding="UTF-8"?>
<marc:record xmlns:marc="http://www.loc.gov/MARC21/slim">
   <marc:leader>00000nam a2200000 a 4500</marc:leader>
   <marc:datafield ind1="1" ind2=" " tag="100">
      <marc:subfield code="a">Garling, Steven</marc:subfield>
      <marc:subfield code="4">aut</marc:subfield>
      <marc:subfield code="e">Verfasser/-in</marc:subfield>
   </marc:datafield>
   <marc:datafield ind1="1" ind2=" " tag="100">
      <marc:subfield code="a">Hoge, Andreas</marc:subfield>
      <marc:subfield code="4">aut</marc:subfield>
      <marc:subfield code="e">Verfasser/-in</marc:subfield>
   </marc:datafield>
   <marc:datafield ind1="1" ind2=" " tag="100">
      <marc:subfield code="a">Bergk, Johann</marc:subfield>
      <marc:subfield code="4">aut</marc:subfield>
      <marc:subfield code="e">Verfasser/-in</marc:subfield>
   </marc:datafield>
   <marc:datafield ind1="1" ind2=" " tag="100">
      <marc:subfield code="a">Heinze, Henriette</marc:subfield>
   </marc:datafield>
   <marc:datafield ind1="1" ind2=" " tag="100">
      <marc:subfield code="a">Hoffmann, Daniela</marc:subfield>
   </marc:datafield>
   <marc:datafield ind1="1" ind2=" " tag="100">
      <marc:subfield code="a">Borchardt, Dirk</marc:subfield>
   </marc:datafield>
   <marc:datafield ind1="1" ind2=" " tag="100">
      <marc:subfield code="a">Schmaus, Cornelia</marc:subfield>
   </marc:datafield>
   <marc:datafield ind1="1" ind2=" " tag="100">
      <marc:subfield code="a">Westphal, Ingeborg</marc:subfield>
   </marc:datafield>
   <marc:datafield ind1="0" ind2="0" tag="245">
      <marc:subfield code="a">Wege in die Nacht</marc:subfield>
   </marc:datafield>
   <marc:datafield ind1="0" ind2="0" tag="245">
      <marc:subfield code="c">Schauspieler: Ingeborg Westphal, Cornelia Schmaus, Dirk Borchardt, Daniela Hoffmann, Henriette Heinze, Hilmar Thate; Produktion: Frank Löprich, Katrin Schlösser; Musik: Steven Garling, Andreas Hoge; Drehbuch: Johann Bergk; Regie: Andreas Kleinert; Montage</marc:subfield>
   </marc:datafield>
   <marc:datafield ind1=" " ind2="1" tag="264">
      <marc:subfield code="a">Potsdam</marc:subfield>
      <marc:subfield code="b">filmwerte GmbH</marc:subfield>
      <marc:subfield code="c">2022</marc:subfield>
   </marc:datafield>
   <marc:datafield ind1="1" ind2=" " tag="520">
      <marc:subfield code="a">Walter (Hilmar Thate) ist ein Mann Ende 50, dem die Wirklichkeit entgleitet. Zu DDR-Zeiten war er Direktor eines Industrie-Kombinats, nun ist sein Lebenswerk eine gespenstische Ruine. Walter steht fassungslos vor der Welt, die ihn ausrangiert hat. Sein innerer Amoklauf beginnt. Zusammen mit zwei jungen Leuten, Gina und René, begibt sich Walter auf nächtliche Patrouillen durch die Berliner S- und U-Bahnen, um für Ordnung zu sorgen. Als selbsternannte Sheriffs warten die drei auf Gelegenheiten, pöbelnde Rowdies zusammenzuschlagen.</marc:subfield>
   </marc:datafield>
   <marc:datafield ind1=" " ind2=" " tag="041">
      <marc:subfield code="a">ger</marc:subfield>
   </marc:datafield>
   <marc:datafield ind1=" " ind2=" " tag="300">
      <marc:subfield code="a">1 Online-Ressource (93 min), Bild: 4:3 SD</marc:subfield>
   </marc:datafield>
</marc:record>
